03273cam a2200445 i 450000100090000000300090000900500170001800800410003502000180007604000600009408200200015410000310017424500770020525000200028226400570030230000290035933600260038833700280041433800270044250400520046950502930052152009260081465000690174065000410180965000430185065000390189365000440193265000460197665100100202265300220203265500170205490600450207194200120211699900170212895201300214595201460227595201300242195201300255195201460268117253197EG-ScBUE20230710091402.0120412s2012 ctu f b f001 0 eng d a9780300186406 aJIDbengerdacJIDdJIDdYDXCPdVP@dLEBdDLCdEG-ScBUE04222a909.82bGLO1 aGlover, Jonathan,eauthor.10aHumanity :ba moral history of the twentieth century /cJonathan Glover. aSecond edition. 1aNew Haven ;aLondon :bYale University Press,c2012. axxvi, 464 pages ;c20 cm 2rdacontentatextbtxt 2rdamediaaunmediatedbn 2rdacarrieravolumebnc aIncludes bibliographical references and index. 0 aPt. 1: Ethics without the moral law -- Pt. 2: The moral psychology of waging war -- Pt. 3: Tribalism -- Pt. 4: War as a trap -- Pt. 5: Belief and terror: Stalin and his heirs -- Pt. 6: The will to create mankind anew: The Nazi experiment -- Pt. 7: On the recent moral history of humanity. aThe twentieth century was the most brutal in human history, featuring a litany of shameful events that includes the Holocaust, Hiroshima, the Stalinist era, Cambodia, Yugoslavia, and Rwanda. This book looks at the politics of our times and the roots of human nature to discover why so many atrocities were perpetuated and how we can create a social environment to prevent their recurrence. Jonathan Glover finds similarities in the psychology of those who perpetuate, collaborate in, and are complicit with atrocities, uncovering some disturbing common elements--tribal hatred, blind adherence to ideology, diminished personal responsibility--as well as characteristics unique to each situation. Acknowledging that human nature has a dark and destructive side, he proposes that we encourage the development of a political and personal moral imagination that will compel us to refrain from and protest all acts of cruelty. 7aHistory, Moderny21st centuryxMoral and ethical aspects.2BUEsh 7aEthics, Moderny21st century.2BUEsh 7aWarxMoral and ethical aspects.2BUEsh 7aWarxHistoryy20th century.2BUEsh 7aHumanityxHistoryy20th century.2BUEsh 7aAtrocitiesxHistoryy20th century.2BUEsh 2BUEsh bBUSBOLcMarch2017 vReading book a7bcbcccopycatd2encipf20gy-gencatlg 2ddccBB c24549d24521 00102ddc40708BaccahaMAINbMAINc2NDd2017-03-28ePurchasel0o909.82 GLOp000041505r2025-07-15 00:00:00w2017-03-28yBB 00102ddc40708BaccahaMAINbMAINc2NDd2017-03-28ePurchasel1m12o909.82 GLOp000041506r2025-07-15 00:00:00s2017-10-25w2017-03-28yBB 00102ddc40708BaccahaMAINbMAINc2NDd2017-03-29ePurchasel0o909.82 GLOp000041527r2025-07-15 00:00:00w2017-03-29yBB 00102ddc40708BaccahaMAINbMAINc2NDd2017-03-29ePurchasel0o909.82 GLOp000041528r2025-07-15 00:00:00w2017-03-29yBB 00102ddc40708BaccahaMAINbMAINc2NDd2017-03-29ePurchasel2m19o909.82 GLOp000041529r2025-07-15 00:00:00s2017-10-23w2017-03-29yBB